La necesidad de revisión de la izquierda
Guardat en:
| Autor principal: | |
|---|---|
| Format: | Llibre |
| Idioma: | espanyol |
| Publicat: |
Madrid
Tecnos
1991
|
| Col·lecció: | Filosofía y Ensayo
|
| Matèries: | |
| Etiquetes: |
Afegir etiqueta
Sense etiquetes, Sigues el primer a etiquetar aquest registre!
|
MARC
| LEADER | 00000nam a2200000 a 4500 | ||
|---|---|---|---|
| 001 | UCY5905 | ||
| 003 | CL-VaPUC | ||
| 008 | 950521e19910000SP |||||||||||||||||spa|d | ||
| 082 | 0 | 4 | |a 193 |b HAB |2 21 |
| 100 | 0 | |a Habermas, Jürgen |e author |9 334312 | |
| 245 | 1 | 3 | |a La necesidad de revisión de la izquierda |
| 300 | |a 317 p | ||
| 942 | |c BK | ||
| 945 | |d 19950521 00:00:00 |a aalvarez | ||
| 260 | |a Madrid |b Tecnos |c 1991 | ||
| 650 | 0 | |a Filosofía alemana |9 265002 | |
| 650 | 0 | |a Filosofía contemporánea |9 265372 | |
| 650 | 0 | |a Capitalismo |9 255255 | |
| 583 | |a last modification |c 19950521 00:00:00 |k Rodrigo Vera | ||
| 490 | 0 | |a Filosofía y Ensayo | |
| 999 | |c 233508 |d 233506 | ||
| 952 | |0 0 |1 2 |4 0 |6 193_000000000000000_HAB_1991 |7 0 |8 A |9 239087 |a BIBTEO |b BIBTEO |d 2019-11-18 |i 308521K |o 193 HAB 1991 |p 308521K |r 2019-11-18 |w 2019-11-18 |y BK |k ICR | ||